000 02006cam a2200601 i 4500
001 9936
003 KOSZ 005
005 20240718110710.0
008 240627s1978 pl b g 001 0 pol
015 _aUWD 1978/10802
035 _a991019033279705066
035 _a(PL-WaBN)b15155729-48omnis_nlop
035 _ab15155729
035 _a(OCoLC)750018919
035 _azz2005981118
035 _a(PL)b0000001515572
035 _a(EXLNZ-48OMNIS_NETWORK)9910425666705606
040 _aWA N
_cWA N
_dKOSZ 005/RW
045 0 _bd1939
046 _k1978
080 _a94(438).082
080 _a94(438).082.1
080 _a355.48(438:430)
100 1 _aPorwit, Marian
_d(1895-1988)
_eAutor
245 1 0 _aKomentarze do historii polskich działań obronnych 1939 roku.
_nCz. 3,
_pBitwy przebojowe i obrona bastionów /
_cMarian Porwit.
246 3 0 _aBitwy przebojowe i obrona bastionów
250 _aWydanie I.
260 _aWarszawa :
_b"Czytelnik",
_c1978.
300 _a583, [1] strony, [10] kart tablic :
_bmapy ;
_c21 cm.
336 _aTekst
_btxt
_2rdacontent
337 _aBez urządzenia pośredniczącego
_bn
_2rdamedia
338 _aWolumin
_bnc
_2rdacarrier
380 _aKsiążki
380 _aPublikacje popularnonaukowe
388 1 _a1901-2000
388 1 _a1945-1989
500 _aCałość obejmuje 3 tomy.
504 _aIndeksy.
610 2 7 _aWojsko Polskie (1918-1939)
_2DBN
648 7 _a1901-2000
_2DBN
648 7 _a1939-1945
_2DBN
650 7 _aII wojna światowa (1939-1945)
_2DBN
650 7 _aKampania wrześniowa (1939)
_2DBN
650 7 _aSztuka wojenna
_2DBN
651 7 _aPolska
_2DBN
655 7 _aOpracowanie
658 _aBezpieczeństwo i wojskowość
658 _aHistoria
710 2 _aCzytelnik
_4pbl
856 _uhttps://koha.tu.koszalin.pl/cgi-bin/koha/opac-detail.pl?biblionumber=9936
_yKatalog online BPK
942 _2UKD
_cKS
999 _c9936
_d9936